000 00370nam a2200145Ia 4500
008 220217s9999||||xx |||||||||||||| ||und||
020 _a0-13-227307-1
082 _a629.8 OGA
100 _aOgata, Katsuhiko
245 0 _aModern control engineering
250 _a3rd
260 _aPrentice hall
_bNew Jersey
_c1997
300 _b1200
650 _aCONTROL SYSTEM
999 _c170247
_d170247